00621cam a22002053a 45000010005000000030006000050050017000110080041000280400015000690420007000840500007000911000042000982450106001402600029002465060030002755160020003056530021003258300028003468560041003748836PGUSA20140828083205.0050901s2005||||xxu|||||s|||||000 | eng d aPGUSAbeng adc 4aBS1 aWeymouth, Richard Francis,d1822-190210aWeymouth New Testament in Modern Speech, Galatiansh[electronic resource] /cRichard Francis Weymouth bProject Gutenberg,c2005 aPublic domain in the USA. aElectronic text aBible. Galatians 0aProject Gutenbergv883640uhttp://www.gutenberg.org/ebooks/8836